[Event "Liptovsky Mikulas CupT U20"]
[Site "Liptovsky Mikulas"]
[Date "2016.06.25"]
[Round "7.2"]
[White "Palyza, Lukas"]
[Black "Poliakova, Emma"]
[Result "0-1"]
[WhiteElo "1348"]
[BlackElo "1826"]
[PlyCount "68"]
[EventDate "2016.06.21"]
[EventType "team-swiss"]
[EventRounds "8"]
[EventCountry "SVK"]
[SourceTitle "CBM 173 Extra"]
[Source "ChessBase"]
[SourceDate "2016.08.29"]
[SourceVersion "1"]
[SourceVersionDate "2016.08.29"]
[SourceQuality "1"]
[WhiteTeam "Opavsko (U20) II"]
[BlackTeam "Povazie RSA (U20)"]
[WhiteTeamCountry "CZE"]
[BlackTeamCountry "SVK"]

1. e4 c5 2. Nf3 Nc6 3. d4 cxd4 4. Nxd4 Nf6 5. Nc3 e5 6. Nf3 Bb4 7. Bd3 Bxc3+ 8. bxc3 0-0 9. Bg5 d6 10. h3 Be6 11. 0-0 Qe7 12. a3 Rfd8 13. Rb1 Rab8 14. Qe2 Kh8 15. Rfd1 h6 16. Be3 d5 17. exd5 Bxd5 18. Bb5 a6 19. Bxc6 Bxc6 20. Bd4 Bxf3 21. gxf3 Re8 22. Re1 Qxa3 23. Bxe5 Nd7 24. Rxb7 Rxb7 25. Bxg7+ Kxg7 26. Qxe8 Nf6 27. Qc6 Rb5 28. f4 Rb8 29. Qg2+ Kh8 30. Qc6 Rg8+ 31. Kh2 Nh7 32. Qxh6 Qxc3 33. Re5 Qf3 34. Rg5 Qxf4+ 0-1